000 00683nam a2200265Ia 4500
003 OSt
005 20221006151503.0
006 a|||||r|||| 00| 0
007 ta
008 221006b |||||||| |||| 00| 0 jpn d
020 _c¥640 (total)
024 _a22,302
037 _cTextual
040 _aEASL
_cEASL
_bjpn
041 _2jpn
_ajpn
082 _aX:326N, H9.2
100 _aUCHIDA Jokichi
_9659318
245 0 _aNihon shihon shugi ronso, 2 Vols.
260 _aTokyo
_bShinko Shuppansha Japan
_c1949
300 _a294+421p.
_ccm.
490 _v JL
650 _aJL
942 _hX:326N, H9.2
_cTEXL
_2CC
999 _c1090388
_d1090388